| 000 | 00667cam a22002531 4500 | ||
|---|---|---|---|
| 001 | sa 64000617 | ||
| 003 | DLC | ||
| 005 | 20260227111957.0 | ||
| 008 | 940602s1962 ii 000 0 beno | ||
| 010 | _asa 64000617 | ||
| 025 | _aPL480:EP-B-86 | ||
| 035 | _a(OCoLC)30538485 | ||
| 040 |
_aDLC _cCU _dCU _dDLC |
||
| 042 | _apremarc | ||
| 050 | 0 | 0 |
_aDS79.9.K3 _bR3 |
| 100 | 1 | _aRahman, Masudur. | |
| 245 | 1 | 0 | _aItihāsera dr̥shṭite Kārabālā. |
| 260 | _c[1962] | ||
| 300 |
_a125 p. _c19 cm. |
||
| 500 | _aIn Bengali. | ||
| 651 | 0 |
_aKarbalāʼ (Iraq) _xHistory. |
|
| 600 | 0 | 0 |
_aḤusayn ibn ʻAli, _d-680. |
| 600 | 0 | 0 |
_aḤasan ibn ʻAli, _d-approximately 669. |
| 999 |
_c56354 _d56354 |
||